| 000 | 01252nam a2200229Ia 4500 | ||
|---|---|---|---|
| 003 | Ost | ||
| 005 | 20260507075256.0 | ||
| 008 | 260507s9999||||xx |||||||||||||| ||und|| | ||
| 020 | _a9062329957 | ||
| 040 | _cfsecg | ||
| 041 | _aara | ||
| 082 | _a330 | ||
| 100 |
_aالعجارمة، تيسير _eمؤلف |
||
| 245 | 0 |
_aالتسويق المصرفي / _c تيسير العجارمة |
|
| 260 |
_aعمان: _bالحامد, _c2005 |
||
| 300 |
_a421 صفحة؛ _c24 سم |
||
| 520 | _aالخدمة المصرفية و سلوك المستهلك مع تقسيم السوق ، بحوث التسويق و نظام المعلومات التسويقية للخدمة المصرفية و كذلك المنتج ، التوزيع ، الترويج ، الاعلان و التسعير مع تناول الافراد أو مقدمو الخدمات و العمليات و الدليل المادي أو خدمة الزبون ، جودة الخدمة المصرفية و رضا الزبون و توقعاته مع استراتيجية تسويق الخدمة المصرفية و البيئة التسويقية لهذه الخدمة. | ||
| 653 | _aالبنوك | ||
| 653 | _aالتسويق | ||
| 653 | _aالخدمات المصرفية | ||
| 942 | _cكتاب | ||
| 999 |
_c43739 _d43739 |
||